| 000 | 00383nam a2200157Ia 4500 | ||
|---|---|---|---|
| 999 |
_c535 _d535 |
||
| 020 | _a0-7099-1429-6 | ||
| 082 | _aRR 330.03 DIC; | ||
| 245 | 0 | _aDictionary of economic quotations | |
| 250 | _a2nd | ||
| 260 |
_aLondon _bCroom Helm _c1984 |
||
| 300 | _axi, 240p. | ||
| 504 | _aIncludes index | ||
| 650 | _aEconomics - Quotations - Dictionaries | ||
| 700 | _aJames, Simon | ||
| 942 | _cBK | ||